00449nam a2200169Ia 4500999001700000003000400017005001700021008004100038040000900079082001800088100002500106245004200131260003000173300000800203650002600211942004200237 c11766d11766OSt20201117143714.0190216s9999||||xx |||||||||||||| ||und|| coclc a823.01bHEM/G aHemming, James94674 4aThe Greens Get There /cJames Hemming bLongmans,c1962.aLondon: a48p aEnglish Short Stories cBK2ddch823.01iHEM/Gk823.01mHEM/G